Central Library OPAC University of Rajshahi

A White House diary / (Record no. 63706)

MARC details
000 -LEADER
fixed length control field 00785nam a2200253 a 4500
001 - CONTROL NUMBER
control field 63706
003 - CONTROL NUMBER IDENTIFIER
rucl marc code BD-RjUL
005 - DATE AND TIME OF LATEST TRANSACTION
control field 20211209081226.0
008 - FIXED-LENGTH DATA ELEMENTS--GENERAL INFORMATION
fixed length control field 170202s1970 enkacf 001 0 eng d
020 ## - INTERNATIONAL STANDARD BOOK NUMBER
International Standard Book Number 0297003372
035 ## - SYSTEM CONTROL NUMBER
System control number (BD-RjUL)63835
040 ## - CATALOGING SOURCE
Original cataloging agency UKM
Transcribing agency UKM
Modifying agency BD-RjUL
Language of cataloging eng
041 ## - LANGUAGE CODE
Language code of text/sound track or separate title eng
082 04 - DEWEY DECIMAL CLASSIFICATION NUMBER
Classification number 973.9230924
Edition number 23
Author mark and year JOW 1970
100 1# - MAIN ENTRY--PERSONAL NAME
Personal name Johnson, Lady Bird.
9 (RLIN) 189164
245 12 - TITLE STATEMENT
Title A White House diary /
Statement of responsibility, etc. Lady Bird Johnson.
260 ## - PUBLICATION, DISTRIBUTION, ETC. (IMPRINT)
Place of publication, distribution, etc. London :
Name of publisher, distributor, etc. Weidenfeld & Nicolson,
Date of publication, distribution, etc. 1970.
300 ## - PHYSICAL DESCRIPTION
Pagination xiv, 806 p. :
Illustrations ill. ;
Size 24 cm.
500 ## - GENERAL NOTE
General note Includes index.
600 10 - SUBJECT ADDED ENTRY--PERSONAL NAME
Personal name Johnson, Lyndon B.
Fuller form of name (Lyndon Baines),
Dates associated with a name 1908-1973.
650 #0 - SUBJECT ADDED ENTRY--TOPICAL TERM
Topical term or geographic name as entry element Presidents
General subdivision History
Chronological subdivision 20th century
9 (RLIN) 189166
651 #0 - SUBJECT ADDED ENTRY--GEOGRAPHIC NAME
General subdivision Politics and government
Chronological subdivision 1963-1969.
9 (RLIN) 189167
942 ## - ADDED ENTRY ELEMENTS (KOHA)
Source of classification or shelving scheme Dewey Decimal Classification
Koha item type Books
Holdings
Lost status Source of classification or shelving scheme Damaged status Not for loan Collection code Permanent Location Current Location Shelving location Date acquired Source of acquisition Cost, normal purchase price Total Checkouts Full call number Date last seen Copy number Koha item type
  Dewey Decimal Classification   Not For Loan Non-fiction Central Library, University of Rajshahi Central Library, University of Rajshahi Reading Room 10/09/1973 Startard pub. 122.50   973.9230924 JOW 1970 02/02/2017 C-1 Books